000 01334nam a22002417a 4500
005 20241120142948.0
008 241120b ||||| |||| 00| 0 eng d
020 _a9788180943829
040 _cAL
041 _aEnglish
082 _223
_a597
_bDAYI
100 _aFrancis Day
_9185876
245 _aIndian Fish and Fishing
260 _aChennai
_bMaven Books
_c2017
300 _a59 p.
_bHB
_c23x16 cm.
365 _aEKJA-87684
_b₹375.00
_c
_d₹395.00
_e0%
_f14-11-2024
520 _aThe book was originally published in 1883 as part of the International Fisheries Exhibition in London. It contains a full investigation into the condition of the fisheries of India, the cause for their prosperity or deterioration, with suggestions of rules for future development and administration. This report will appeal to those involved in the industry and those with an interest in the history and development of the fishing industry. Many of the earliest books, particularly those dating back to 1900s and before, are now extremely scarce and increasingly expensive. We are republishing these classic works in affordable, high quality, modern editions, using the original artwork and text.
650 _aFish
_9185877
650 _aFishing
_9185878
650 _aIndia
_9185879
700 _aDAY (Francis)
_9185880
942 _2ddc
_cBK
999 _c231945
_d231945